000 00838nab a2200241 u 4500
001 14218
003 HDC
007 cr bn ---aaaaa
008 210214c xx dr|noo 0 a eng d
040 _aHDC
245 0 _aJapan halal: Manufacturers urged to boost shelf life to cash-in on Middle East exports
260 _a[No place] :
_b[publisher not identified],
_c[no date]
336 _atext
_2rdacontent
337 _acomputer
_2rdamedia
338 _aonline resource
_2rdacarrier
650 _aExports
_zJapan
_914807
650 _aHalal food industry
_zJapan
_910862
710 _aAsia News
856 _zRequest full-text at [email protected]
942 _2lcc
942 _cNEWS
942 _kNWSO 001867
999 _c11534
_d11534